000 00303nam a22001337a 4500
008 260414b ||||| |||| 00| 0 eng d
020 _a9994380710
041 _aShqip
080 _a321.172
100 _a20
101 _aHistori
245 _aPlani Sekret për Kosovën
_cYlli Molla
942 _2udc
_cBK
999 _c60971
_d60971